000 01215nam a22003257a 4500
003 OSt
005 20260417072851.0
008 260417b |||||||| |||| 00| 0 eng d
020 _a9780440419846
_q(pbk.)
020 _a0440419840
_q(pbk.)
040 _cLAUREL LEAF BOOKS
041 _aeng
050 _aPZ7.M197
_bSh 2006
082 _a[Fic]
_b22
100 _aMcKernan, Victoria.
245 _aShackleton's stowaway /
_cVictoria McKernan.
250 _afirst edition.
260 _aNew York :
_bLaurel Leaf Books,
_c2006, c2005.
300 _a317 p. :
_bmap ;
_c18cm.
520 _aA fictionalized account of eighteen-year-old Perce Blackborow, who stowed away on Ernest Shackleton's 1914 Antarctic expedition.
521 _aYoung Adult / Middle Grade (Ages 12+)
600 _aShackleton, Ernest Henry,
_d1874-1922
_vJuvenile fiction.
600 _aShackleton, Ernest Henry,
_d1874-1922
_vJuvenile fiction.
610 _aEndurance (Ship)
_vJuvenile fiction.
650 _aSurvival
_vJuvenile fiction.
650 _aStowaways
_vJuvenile fiction.
651 _aAntarctica
_vJuvenile fiction.
_xDiscovery and exploration
700 _a Shackleton, Ernest Henry,
_d1874-1922.
942 _2lcc
_cBK
_e1st ed.
_n0
999 _c10077
_d10077